| 000 | 00526nam a2200133Ia 4500 | ||
|---|---|---|---|
| 008 | 171207s9999 xx 000 0 und d | ||
| 100 | _aChochlov, Muslim | ||
| 245 | 2 | _aA historical, textual analysis approach to feature location | |
| 245 | _cMuslim Chochlov, Michael English, Jim Buckley | ||
| 260 | _c2017 | ||
| 300 | _apages 110-126, August 2017 | ||
| 440 |
_aInformation and Software Technology _v88: |
||
| 650 | _aFeature location, Version histories, Dataset expansion, Software systems’ characterization, Search effort | ||
| 999 |
_c347476 _d347476 |
||